[Event "Bayern-chTT (LL Sued)"]
[Site "Bayern 2008/09"]
[Date "2009.03.29"]
[Round "9.1"]
[White "Bayer, Bernhard"]
[Black "Unger, Michael(60)"]
[Result "1-0"]
[WhiteElo "2346"]
[BlackElo "2110"]
[PlyCount "43"]
[EventDate "2009.03.??"]
[EventType "team-tourn"]
[EventRounds "9"]
[WhiteTeam "Weilheim 1"]
[BlackTeam "Sendling 1"]

1. d4 d5 2. Nf3 Nf6 3. c4 e6 4. Nc3 c6 5. e3 Nbd7 6. Bd3 Bd6 7. O-O O-O 8. e4
dxc4 9. Bxc4 e5 10. Bg5 Qc7 11. Kh1 h6 12. Bxf6 Nxf6 13. dxe5 Bxe5 14. Nxe5
Qxe5 15. f4 Qc5 16. Bb3 Bg4 17. Qe1 Rfe8 18. Qg3 Be6 19. e5 Nh7 20. Ne4 Qd4 21.
Nd6 Bxb3 22. Nf5 1-0

[Event "Bayern-chTT (LL Sued)"]
[Site "Bayern 2008/09"]
[Date "2009.03.29"]
[Round "9.2"]
[White "Kuenzner, Franz"]
[Black "De Francesco, Klaus"]
[Result "1/2-1/2"]
[WhiteElo "2278"]
[BlackElo "2241"]
[PlyCount "132"]
[EventDate "2009.03.??"]
[EventType "team-tourn"]
[EventRounds "9"]
[WhiteTeam "Sendling 1"]
[BlackTeam "Weilheim 1"]

1. g3 d5 2. Bg2 c5 3. Nf3 Nc6 4. d4 e6 5. O-O Nf6 6. c3 Be7 7. dxc5 Bxc5 8. Bg5
h6 9. Bxf6 Qxf6 10. Nbd2 O-O 11. e4 Bb6 12. Qe2 d4 13. e5 Qf5 14. Nc4 dxc3 15.
Nxb6 axb6 16. bxc3 Ra5 17. Rfe1 Rc5 18. Nd4 Qg5 19. f4 Qe7 20. Rac1 Na5 21. Nb3
Nxb3 22. axb3 Qc7 23. Qe3 Ra5 24. Red1 Ra3 25. b4 Rd8 26. Rxd8+ Qxd8 27. Qd4
Qc7 28. c4 Bd7 29. c5 b5 30. Qd6 Qc8 31. Qb6 Bc6 32. Rd1 Ra8 33. Rd6 Ra1+ 34.
Kf2 Ra2+ 35. Ke3 Rxg2 36. Rd8+ Qxd8 37. Qxd8+ Kh7 38. Qe7 Kg8 39. f5 exf5 40.
e6 fxe6 41. Qxe6+ Kh8 42. Qc8+ Kh7 43. Qxf5+ Kh8 44. Qh3 Rb2 45. Qh4 Rb3+ 46.
Kd2 Rf3 47. h3 Kh7 48. Qg4 Kg8 49. h4 Kh7 50. h5 Kh8 51. Qc8+ Kh7 52. Qc7 Rb3
53. Qf4 Rf3 54. Qe5 Rb3 55. Qf5+ Kh8 56. Qf4 Rf3 57. Qb8+ Kh7 58. g4 Rf2+ 59.
Ke3 Rf3+ 60. Ke2 Rc3 61. Qe5 Rc4 62. Qf5+ Kh8 63. g5 hxg5 64. h6 gxh6 65. Qf8+
Kh7 66. Qf7+ Kh8 1/2-1/2

[Event "Bayern-chTT (LL Sued)"]
[Site "Bayern 2008/09"]
[Date "2009.03.29"]
[Round "9.3"]
[White "Lochte, Thomas"]
[Black "Schamberger, Alfons"]
[Result "1-0"]
[WhiteElo "2126"]
[BlackElo "2162"]
[PlyCount "63"]
[EventDate "2009.03.??"]
[EventType "team-tourn"]
[EventRounds "9"]
[WhiteTeam "Weilheim 1"]
[BlackTeam "Sendling 1"]

1. e4 e6 2. d4 d5 3. Nd2 Nf6 4. e5 Nfd7 5. Bd3 c5 6. c3 Nc6 7. Ne2 Qb6 8. O-O
Be7 9. Nf3 O-O 10. Nf4 cxd4 11. cxd4 Nb4 12. Bb1 f5 13. a3 Na6 14. g4 g6 15.
gxf5 gxf5 16. Kh1 Kh8 17. Rg1 Rg8 18. Rxg8+ Kxg8 19. Qg1+ Kf7 20. Ng5+ Bxg5 21.
Qxg5 Nxe5 22. dxe5 Qxf2 23. Bd3 Qe1+ 24. Kg2 Qxe5 25. Qh5+ Kg7 26. Qe8 h6 27.
Nh5+ Kh7 28. Qf7+ Kh8 29. Qf8+ Kh7 30. Nf6+ Kg6 31. Qxh6+ Kf7 32. Qh7+ 1-0

[Event "Bayern-chTT (LL Sued)"]
[Site "Bayern 2008/09"]
[Date "2009.03.29"]
[Round "9.4"]
[White "Nissen, Jens"]
[Black "Fuchs, Georg(80)"]
[Result "0-1"]
[WhiteElo "2106"]
[BlackElo "2226"]
[PlyCount "86"]
[EventDate "2009.03.??"]
[EventType "team-tourn"]
[EventRounds "9"]
[WhiteTeam "Sendling 1"]
[BlackTeam "Weilheim 1"]

1. e4 e5 2. Bc4 Nf6 3. d3 c6 4. Nf3 Qc7 5. Nc3 Be7 6. O-O O-O 7. Re1 b5 8. Bb3
a5 9. a3 Na6 10. d4 d6 11. Ba2 Bg4 12. Be3 b4 13. Na4 Nxe4 14. dxe5 d5 15. Bf4
Nac5 16. Nxc5 Bxc5 17. Be3 bxa3 18. bxa3 Bxa3 19. Bxd5 Bxf3 20. Qxf3 cxd5 21.
Rxa3 Qxc2 22. Bd4 Ng5 23. Qg4 Ne6 24. Rg3 Rfc8 25. Be3 Qc3 26. Rf1 Qxe5 27. f4
Qe4 28. Qh5 f5 29. Rh3 h6 30. Rg3 d4 31. Bd2 Rab8 32. Bxa5 Nxf4 33. Qd1 Ne2+
34. Kh1 Nxg3+ 35. hxg3 Rb2 36. Qf3 Rcc2 37. Re1 Qxf3 38. gxf3 Rh2+ 39. Kg1
Rbg2+ 40. Kf1 Ra2 41. Kg1 Rhe2 42. Rxe2 Rxe2 43. Kf1 d3 0-1

[Event "Bayern-chTT (LL Sued)"]
[Site "Bayern 2008/09"]
[Date "2009.03.29"]
[Round "9.5"]
[White "Jannasch, Franz"]
[Black "Altmann, Christoph"]
[Result "1/2-1/2"]
[WhiteElo "2136"]
[BlackElo "2056"]
[PlyCount "69"]
[EventDate "2009.03.??"]
[EventType "team-tourn"]
[EventRounds "9"]
[WhiteTeam "Weilheim 1"]
[BlackTeam "Sendling 1"]

1. e4 e6 2. c4 d5 3. Nc3 dxe4 4. Nxe4 c5 5. Be2 Nc6 6. Nf3 Be7 7. O-O Nf6 8.
Qc2 h6 9. d3 O-O 10. Be3 b6 11. Rad1 e5 12. h3 Qc7 13. a3 Bb7 14. Nfd2 Nxe4 15.
dxe4 Bf6 16. Nf3 Rfe8 17. Bd3 Rad8 18. Rfe1 Re7 19. Bc1 Nd4 20. Nxd4 Rxd4 21.
Be3 Rd6 22. b4 Bg5 23. Bxg5 hxg5 24. Be2 Red7 25. Rxd6 Rxd6 26. Qc3 Rd4 27. f3
Qd6 28. Rb1 Bc8 29. bxc5 Qxc5 30. Kh2 Ba6 31. Rb4 f6 32. Ra4 Qc8 33. Qb4 Kf7
34. Qb3 Kg6 35. Qb4 1/2-1/2

[Event "Bayern-chTT (LL Sued)"]
[Site "Bayern 2008/09"]
[Date "2009.03.29"]
[Round "9.6"]
[White "Haas, Peter(68)"]
[Black "Shahin, Walid"]
[Result "1-0"]
[WhiteElo "2039"]
[BlackElo "2030"]
[PlyCount "63"]
[EventDate "2009.03.??"]
[EventType "team-tourn"]
[EventRounds "9"]
[WhiteTeam "Sendling 1"]
[BlackTeam "Weilheim 1"]

1. e4 e6 2. d4 d5 3. e5 c5 4. c3 Nc6 5. Nf3 Bd7 6. a3 Qb6 7. b4 cxd4 8. cxd4
Rc8 9. Be3 f6 10. Bd3 g6 11. O-O Bg7 12. b5 Na5 13. Nbd2 Ne7 14. exf6 Bxf6 15.
Ne5 Bxe5 16. dxe5 Qc7 17. Bh6 Qxe5 18. Nf3 Qh5 19. Bg7 Rg8 20. Bd4 b6 21. Rc1
Nc4 22. Qa4 Nf5 23. Qxa7 Nxd4 24. Nxd4 Qe5 25. Nxe6 Qb8 26. Qxb8 Rxb8 27. Nc7+
Kd8 28. Nxd5 Nxa3 29. Rfd1 Rg7 30. Rc3 Ra8 31. Ra1 Bxb5 32. Rcxa3 1-0

[Event "Bayern-chTT (LL Sued)"]
[Site "Bayern 2008/09"]
[Date "2009.03.29"]
[Round "9.7"]
[White "Sindermann, Peter(68)"]
[Black "Stielfried, Martin"]
[Result "1/2-1/2"]
[WhiteElo "1897"]
[BlackElo "2145"]
[PlyCount "55"]
[EventDate "2009.03.??"]
[EventType "team-tourn"]
[EventRounds "9"]
[WhiteTeam "Weilheim 1"]
[BlackTeam "Sendling 1"]

1. c4 c5 2. Nc3 Nf6 3. Nf3 d5 4. cxd5 Nxd5 5. e3 Nc6 6. a3 Nc7 7. Be2 e5 8. Qc2
Be7 9. b3 O-O 10. Bb2 f6 11. h4 Be6 12. Bc4 Qd7 13. Ne4 Rac8 14. O-O-O Na5 15.
Neg5 fxg5 16. hxg5 Rxf3 17. Qxh7+ Kf7 18. Qh5+ Kf8 19. Qxf3+ Kg8 20. g6 Nxb3+
21. Bxb3 Bxb3 22. Qh5 Kf8 23. Qxe5 Ne8 24. Rh8+ Bg8 25. Rdh1 Bf6 26. Qf4 Qd3
27. e4 Qc4+ 28. Bc3 1/2-1/2

[Event "Bayern-chTT (LL Sued)"]
[Site "Bayern 2008/09"]
[Date "2009.03.29"]
[Round "9.8"]
[White "Katzer, Joachim"]
[Black "Kobold, Julius"]
[Result "1-0"]
[WhiteElo "1961"]
[BlackElo "1494"]
[PlyCount "51"]
[EventDate "2009.03.??"]
[EventType "team-tourn"]
[EventRounds "9"]
[WhiteTeam "Sendling 1"]
[BlackTeam "Weilheim 1"]

1. d4 Nf6 2. c4 b6 3. Nc3 e6 4. e4 Bb7 5. Bd3 Bb4 6. Qc2 O-O 7. Nge2 Ng4 8. f3
Nh6 9. h4 Nc6 10. Bxh6 gxh6 11. e5 f5 12. O-O-O Rf7 13. a3 Bf8 14. f4 Kh8 15.
d5 exd5 16. Nxd5 Ne7 17. Nec3 b5 18. Nxe7 bxc4 19. Bxc4 Rxe7 20. Qxf5 Bxg2 21.
Rhg1 Rg7 22. Rxg2 d5 23. Bxd5 Qb8 24. Be4 Bxa3 25. bxa3 Rxg2 26. Qxh7# 1-0